Guess the fortnite Player - Statistics

General Stats
  • This quiz has been taken 170 times
  • The average score is 7 of 10
Answer Stats
Hint Answer % Correct
Won almost every tournament he's played. Most feared player in the world Peterbot
92%
$3.700.000 Million earned. Most known Pro player Bugha
89%
No.2 Ranked Pro without FNCS win. No.1 Ranked Boxfighter Clix
87%
No.1 Family Friendly content creator. YOUR NOT THE KING HES THE KING Nick EH 30
83%
6x FNCS wins on controller. Won 2023 FNCS Globals with Cooper Mero
82%
No.1 Ranked player in OCE. Part of PWR Alex
80%
No.1 Ranked Zero Build Player. Placed 2nd in FNCS pro-am with Cooper Zemie
62%
No.1 Ranked Pro without FNCS win. No.1 Ranked aim in the world ThomasHD
54%
No.1 ranked Keyboard ASMR. Best Stream sniper Mr Lust
45%
Family Friendly Pro Fortnite Player. Content Creator also Oatley
21%
No matching quizzes found
Score Distribution
Percent of People with Each Score
Percentile by Number Answered
Your Score History
You have not taken this quiz